000 01016nam0a22002411 4500
001 rc\2696583
005 20260408013729.0
035 _a(NLR Aleph) 006824775
090 _a6481680
_c6481680
100 _a20110915d1933 |||y0rusy50 ca
101 0 _arus
102 _aRU
105 _ay j |||||
200 1 _aПрограмма политических занятий с красноармейцами и организационно-методические указания на 1933/34 учебный год
210 _aМосква
_cГос. воен. изд-во
_d1933
_gЦентр. тип. им. К. Ворошилова
215 _aОбл., 48 с.
_d18х13 см.
710 0 1 _aСССР
_bГлавное политическое управление Советской Армии
_bОтдел культуры и пропаганды
_9848937
_3RU\NLR\AUTH\8810176372
801 0 _aRU
_bNLR
_gpsbo
801 1 _aRU
_bELAR
_2rusmarc
852 _aNLR
_j33-9/4901
942 _cBOOK
980 _aNB